Netanyah, birat ha-Sharon. (Record no. 31175)
[ view plain ]
| 000 -LEADER | |
|---|---|
| fixed length control field | 00620cam a22002171 4500 |
| 001 - CONTROL NUMBER | |
| control field | he 65000844 |
| 003 - CONTROL NUMBER IDENTIFIER | |
| control field | DLC |
| 005 - DATE AND TIME OF LATEST TRANSACTION | |
| control field | 20260227111431.0 |
| 008 - FIXED-LENGTH DATA ELEMENTS--GENERAL INFORMATION | |
| fixed length control field | 841219s1964 is 000 0 heb |
| 010 ## - LIBRARY OF CONGRESS CONTROL NUMBER | |
| LC control number | he 65000844 |
| 035 ## - SYSTEM CONTROL NUMBER | |
| System control number | (OCoLC)19196012 |
| 040 ## - CATALOGING SOURCE | |
| Original cataloging agency | DLC |
| Transcribing agency | MH |
| Modifying agency | DLC |
| 042 ## - AUTHENTICATION CODE | |
| Authentication code | premarc |
| 050 00 - LIBRARY OF CONGRESS CALL NUMBER | |
| Classification number | DS110.N46 |
| Item number | V5 |
| 100 1# - MAIN ENTRY--PERSONAL NAME | |
| Personal name | Vilnay, Zev, |
| Dates associated with a name | 1900- |
| 245 10 - TITLE STATEMENT | |
| Title | Netanyah, birat ha-Sharon. |
| 260 ## - PUBLICATION, DISTRIBUTION, ETC. | |
| Place of publication, distribution, etc. | [Netanyah] : |
| Name of publisher, distributor, etc. | ʻIriyat Netanyah ʻal yede pirsum Ben-Gaʼon, |
| Date of publication, distribution, etc. | 724, 1964. |
| 300 ## - PHYSICAL DESCRIPTION | |
| Extent | 86 p. : |
| Other physical details | ill., facsim., maps, ports. ; |
| Dimensions | 22 cm. |
| 651 #0 - SUBJECT ADDED ENTRY--GEOGRAPHIC NAME | |
| Geographic name | Netanyah (Israel) |
| 752 ## - ADDED ENTRY--HIERARCHICAL PLACE NAME | |
| Country or larger entity | Israel |
| City | Netanyah |
No items available.